000 00404nam a22001697a 4500
003 Ost
005 20220825160208.0
008 220825b |||||||| |||| 00| 0 eng d
040 _cBT-PhCST
050 _a4077
082 _222
_a621.312
100 _aNagpal, G. R.
245 _aPower plant engineering /
260 _aNew Delhi,
_bKhanna Publisher,
_cc2002.
300 _a0
_bill. ;
942 _2ddc
_cEE
_02
999 _c1374
_d1374